[Event "Olympiad-34"]
[Site "Istanbul"]
[Date "2000.11.08"]
[Round "11.3"]
[White "Hansen, Lars Bo"]
[Black "Peng, Xiaomin"]
[Result "1-0"]
[WhiteElo "2562"]
[BlackElo "2657"]
[Annotator "Finkel,A"]
[PlyCount "85"]
[EventDate "2000.10.28"]
[EventType "team-swiss"]
[EventRounds "14"]
[EventCountry "TUR"]
[SourceTitle "EXT 2001"]
[Source "ChessBase"]
[SourceDate "2000.11.22"]
[SourceVersion "1"]
[SourceVersionDate "2000.11.22"]
[SourceQuality "1"]
[WhiteTeam "Denmark"]
[BlackTeam "China"]
[WhiteTeamCountry "DEN"]
[BlackTeamCountry "CHN"]

1. d4 Nf6 2. Nf3 g6 3. Nc3 Bg7 4. e4 d6 5. Be2 O-O 6. O-O Bg4 7. Be3 Nc6 8. Qd2
e5 9. dxe5 dxe5 10. Rad1 {This variation is famous for it's drawing tendency,
but in the following game white has got a decisive advantage straight out of
the opening!} Qe7 (10... Qc8 11. Qc1 Rd8 12. Rxd8+ Qxd8 13. Rd1 Qf8 14. h3 Bxf3
15. Bxf3 h5 16. Nb5 Rc8 $11 {Mok Tze Meng-Ker,A/Jakarta zt 1993}) (10... Qxd2
11. Rxd2 Rfd8 12. Rfd1 Rxd2 13. Rxd2 a6 14. Nd5 Nxd5 15. exd5 Nd4 16. Bxd4 {
1/2-1/2 Ricardi,P-Zarnicki,P/Mar del Plata op 1997}) 11. Bg5 $5 (11. Qc1 Rad8 (
11... Rfd8 12. Bg5 Rxd1 13. Rxd1 Be6 14. Bb5 $1 $14 {Agter,F-Cevaal,C/NLD-chJM
U16 1995}) 12. Rxd8 Rxd8 13. Rd1 Bxf3 {1/2-1/2 Zilberman,Y-Rechlis,G/Israeli
League 2000}) 11... Bxf3 (11... Rfd8 $2 12. Nd5 Qd6 13. Nxf6+ Bxf6 14. Qxd6 {
1-0 Kaminski,M-Khait,A/Warsaw op 1992}) 12. Bxf3 Qc5 $6 {First step in the
wrong direction.} (12... Nd4 $1 13. Nd5 Qd6 14. Bxf6 Nxf3+ 15. gxf3 Bxf6 16.
Qe3 Bg7 $13) 13. Bxf6 $5 Bxf6 14. Nd5 Qd6 (14... Bd8 15. b4 Qb5 16. Be2 Qa4 17.
c3 $14 {[%csl Ra4]}) 15. Qe3 Nd4 $6 {After this inaccuracy white's advantage
becomes quiet significient.} (15... Rad8 16. c3 a6 17. Rd2 Ne7 18. Nxf6+ Qxf6
19. Rfd1 Rxd2 20. Rxd2 Qe6 21. a3 Nc6 $11) 16. c3 Nxf3+ 17. Qxf3 $14 {[%csl
Rf6]} Bg7 (17... Bg5 18. Rd3 Rad8 19. Rfd1 c6 20. Nb6 Qe6 21. Nd7 Rfe8 22. b3
$14) 18. Rd3 c6 $2 {This move not only looks like suicide-it really is!} (18...
Rad8 19. Rfd1 c6 20. Nb6 Qe7 21. Nd7 Rfe8 22. b4 $14) 19. Nb6 Qxd3 20. Qxd3
axb6 21. Qd7 $1 $16 (21. a3 Rad8 22. Qe2 Rd7 23. Rd1 Rfd8 24. Rxd7 Rxd7 $14 {
[%cal Gg8e8]}) 21... Rxa2 22. Rb1 $1 (22. Qxb7 $6 Rxb2 23. Qxc6 Rd8 24. Qc7
Rdd2 (24... Ra8 25. Rd1 h5 26. g3 $16) 25. Qb8+ Bf8 26. Qxe5 Bc5 $132) 22...
Ra7 23. g3 b5 $6 {[%csl Rb5]} 24. Qe7 Rfa8 25. Rd1 (25. Kg2 $5) 25... Ra1 26.
Rxa1 Rxa1+ 27. Kg2 Ra2 28. Qxb7 Rxb2 29. Qxc6 Bf8 (29... f6 $2 {[%csl Rg8]} 30.
Qd5+ Kf8 31. Qa8+ Kf7 32. Qa3) 30. Qd5 Bg7 31. Qd6 $1 h5 32. Qb8+ Kh7 33. c4 {
[%cal Gb8b2]} b4 34. c5 Rc2 (34... b3 $8 35. c6 Rc2 36. Qxb3 Rxc6 37. Qxf7 $18)
35. Qxb4 $18 Kg8 36. Qb5 Bf8 37. c6 Bd6 38. Qd5 Bc7 39. Qd7 Bb6 40. Qe8+ Kg7
41. Qxe5+ Kh7 42. Qf6 Kg8 43. Kf1 {[%cal Gf1d1]} 1-0

[Event "Petrov Memorial op"]
[Site "St Petersburg"]
[Date "2000.02.08"]
[Round "2"]
[White "Kalashnikov, Konstantin"]
[Black "Lugovoi, Aleksei"]
[Result "1/2-1/2"]
[WhiteElo "2403"]
[BlackElo "2515"]
[Annotator "Finkel,A"]
[PlyCount "119"]
[EventDate "2000.02.05"]
[EventType "swiss"]
[EventRounds "9"]
[EventCountry "RUS"]
[SourceTitle "CBM 076"]
[Source "ChessBase"]
[SourceDate "2000.05.31"]
[SourceVersion "1"]
[SourceVersionDate "2000.05.31"]
[SourceQuality "1"]

1. e4 d6 2. d4 Nf6 3. Nc3 g6 4. Nf3 Bg7 5. Be2 O-O 6. O-O Bg4 7. h3 Bxf3 8.
Bxf3 Nc6 9. Bg5 $5 {Not so popular,but very poisonous continuation.After 9...
h6 white just plans to move back with the bishop to e3 and black pawn on h6
will remain a weak spot in the position of black.} Nd7 10. Ne2 Qe8 (10... h6
11. Be3 Kh7 (11... e5 12. c3 Nb6 13. d5 Ne7 14. Qc1 Kh7 15. c4 f5 16. g3 Nd7
$132 {Fleck,J-Gawehns,K/Porz 1988}) 12. c3 e5 13. g3 Re8 14. Bg2 Nf6 15. d5 Ne7
16. c4 Nd7 17. Qc2 $14 {Lopez Moll,J-Andreev,E/EU-chJM U18 1997}) 11. Qd2 (11.
c3 e5 12. Re1 (12. g3 Kh8 13. Qd2 Nb6 14. Bh6 Bxh6 15. Qxh6 Ne7 16. Rad1 Qa4
17. Nc1 $14 {Milos,G-Vescovi,G/Sao Paulo zt 1995}) 12... Kh8 13. Qd2 Ne7 14.
Ng3 Ng8 15. Bd1 f6 16. Be3 Rf7 17. Bb3 $14 {Tatai,S-Manca,F/Reggio Emilia9394})
(11. d5 Nce5 12. Nd4 Nxf3+ 13. Nxf3 e5 14. Qd2 f5 15. exf5 gxf5 16. Bh6 f4 $13
{Hitzgerova,G-Miron,L/WchJW-U14 1993}) 11... e5 12. c3 Nb6 $5 13. b3 $5 {
Deciding not to close the center.} (13. d5 Ne7 14. b3 f5 15. g3 Qf7 16. Bg2 Nd7
17. c4 $14) 13... f5 14. d5 {Now this move is necessaty,because otherwise blck
siezes the initiative:} (14. exf5 $2 e4 15. f6 Bxf6 16. Bg4 h5 17. Bxf6 Rxf6
18. Qg5 Kf7 19. d5 Nd8 $17) 14... Ne7 15. c4 fxe4 $2 {Extremly strange
decision,showing that the black simply doesn't understand the position!Now it
was the right time to get rid of darksquared bishop:} (15... Bf6 $5 16. Bh6 Bg7
17. Bxg7 Kxg7 18. exf5 gxf5 19. g3 $13) 16. Bxe4 $14 Nf5 17. Nc3 (17. Rae1 $5 {
[%cal Gf2f4]} Nd7 (17... h6 $2 18. Bxf5 $1 hxg5 19. Be6+ $16) 18. g4 Ne7 19. f4
Nc5 20. Bc2 $16) 17... a5 18. Nb5 $5 Qd7 19. Qd3 Rf7 20. Rac1 Bf8 (20... Bf6
21. Bxf5 gxf5 22. Bxf6 Rxf6 23. f4 e4 24. Qd2 $14) 21. a3 Be7 22. Bd2 $16 {
Black pieces are so misplaced that white may select between different ways to
enlarge his advantage.} (22. Bxf5 $5 Rxf5 (22... Qxf5 23. Qxf5 gxf5 24. Be3 f4
25. Bxb6 cxb6 26. Rfe1 $16) 23. Be3 $1 Bg5 24. Bxb6 cxb6 25. Rce1 $16) 22...
Bh4 23. b4 axb4 24. axb4 Ra2 25. c5 (25. g3 $5 Bf6 26. c5) 25... dxc5 26. bxc5
Na4 (26... Nc4 $5 27. Bxf5 Rxf5 28. Qxc4 Rxd2 29. Qxh4 Qxb5 30. Qe7 $1 $16) 27.
c6 (27. g4 Rxd2 28. Qxd2 Qxb5 29. gxf5 gxf5 30. Bd3 Qd7 $14) 27... bxc6 28.
Rxc6 Nd6 29. Be3 $1 $18 {[%csl Ra2,Ra4]} (29. Nxd6 cxd6 30. Be3 Nc5 31. Bxc5
dxc5 32. g3 $16) 29... Rb2 $6 {Losing on the spot,but for some reason white
misses the possibility to win the game in a move!} 30. Nxc7 $6 (30. Nxd6 cxd6
31. Qa3 $18 {[%cal Ga3a4,Ga3b2]}) 30... Rb4 31. Bxg6 Rg7 32. Bxh7+ $6 ({
Once again missing the simple win} 32. Qa3 $1 Rxg6 33. Qxb4 Qxh3 34. Qb8+ Kf7 (
34... Kg7 35. Ne8+ $18 {[%cal Gc6g6]}) 35. g3 $1 $18 {[%cal Gf1f7]}) 32... Kh8
33. Ne6 $6 (33. Bg6 e4 34. Qa3 Rxg6 35. Qxb4 Qxh3 36. Qxe4 $3 Nxe4 37. Rxg6 $18
) 33... Rxh7 34. Nf8 Qf5 35. Qxf5 $2 {The final mistake,but this time finally
permitting black to escape.} (35. Ng6+ Kg7 36. Qa3 Rb1 37. Qxd6 Rxf1+ 38. Kxf1
Qb1+ 39. Rc1 $18) 35... Nxf5 36. Nxh7 Kxh7 37. Bd2 Rd4 $132 38. Bc1 Rxd5 $1 39.
g4 Nd4 40. Rh6+ Kg7 41. Kg2 {The chanses are equal and this strange game comes
to an end!} (41. Rxh4 $2 Nf3+ $17 {[%cal Gf3g1,Gf3h4]}) 41... Be7 42. Ra6 Nc5
43. Ra7 Kf7 44. Rd1 Nce6 45. h4 Rb5 46. h5 Nc6 47. Ra6 Nb4 48. Ra8 Rd5 49. Rh1
(49. Rxd5 Nxd5 50. Kf3 Bg5 51. Bb2 Bf4 52. Ke4 Nf6+ $11 53. Kf5 $4 Ng7#) 49...
Rd4 50. Kg3 Rd3+ 51. Kg2 Rd4 52. Kf3 Bg5 53. Be3 e4+ 54. Ke2 Bxe3 55. fxe3 Rc4
56. Rd1 Nd3 57. Ra5 Rc2+ 58. Rd2 Nc1+ 59. Ke1 Nd3+ 60. Ke2 1/2-1/2

[Event "Eilat GP "]
[Site "Eilat"]
[Date "2001.11.17"]
[Round "3"]
[White "Gruenfeld, Yehuda"]
[Black "Finkel, Alexander"]
[Result "1/2-1/2"]
[WhiteElo "2484"]
[BlackElo "2485"]
[Annotator "Finkel,A"]
[PlyCount "70"]
[EventDate "2001.11.15"]
[EventType "swiss"]
[EventRounds "5"]
[EventCountry "ISR"]
[SourceTitle "CBM 086"]
[Source "ChessBase"]
[SourceDate "2002.02.05"]
[SourceVersion "1"]
[SourceVersionDate "2002.02.05"]
[SourceQuality "1"]

1. e4 g6 2. d4 Bg7 3. Nf3 d6 4. Be2 Nf6 5. Nc3 O-O 6. O-O Nc6 $5 {Not the most
popular reply, but quiet possible one leading to complicate struggle with
slightly better chanses to white.} 7. d5 Nb8 8. h3 c6 9. a4 (9. Be3 Nbd7 (9...
cxd5 10. exd5 Nbd7 11. Re1 Re8 12. Bf1 a6 13. Nd4 Qc7 14. a4 b6 15. g3 Bb7 16.
Bg2 $14 {Kaminski,U-Engelbert,C/Dresden 1994/TD}) 10. a4 Qc7 11. Nd2 a6 12. Nc4
b5 13. dxc6 bxc4 14. cxd7 Bxd7 15. a5 Bc6 $132 {Parma,B-Andersson,U/
Berlin-West 1971/EXT 98}) 9... a5 (9... Nbd7 10. Re1 Qc7 11. Bf4 Nh5 12. Bg5
Nc5 13. Nd4 Nf6 14. Bf1 $14 {Van der Werf,M-Nijboer,F/Groningen 1989/EXT 98})
10. Re1 (10. Bg5 Bd7 (10... Na6 11. dxc6 bxc6 12. e5 dxe5 13. Nxe5 Nb4 14. Bf3
Qc7 15. Bf4 Qb6 $13 {Stean,M-Keene,R/Hastings 1973/EXT 98}) 11. Re1 Na6 12.
dxc6 Bxc6 13. Bb5 Nb4 14. Qe2 h6 15. Bf4 e5 16. Bh2 Rc8 17. Rad1 Qe7 18. Rd2 h5
{1/2-1/2 Karpov,A-Kortschnoj,V/Leningrad 1973/IZT (18)}) (10. Bf4 Na6 11. Re1
Qb6 12. Qc1 Nb4 13. dxc6 bxc6 14. e5 dxe5 15. Bxe5 $14 {Podgaets,M-Dvoretzky,M/
Tbilisi 1973/MCD}) (10. Be3 Na6 11. Nd2 Bd7 12. dxc6 Bxc6 13. Nc4 $2 Nxe4 14.
Nxe4 Bxe4 15. Bb6 Qc8 $17 {Antoshin,V-Zaitsev,I/Riga 1970/URS-ch}) 10... Qc7 (
10... Na6 11. Bf1 Nb4 12. Bg5 h6 13. Be3 (13. Bf4 Bd7 14. Qd2 Kh7 15. Bc4 Rc8
16. Bb3 cxd5 17. exd5 Rc5 $13 {Ligterink,G-Lutikov,A/Jurmala 1978/EXT 99})
13... Kh7 14. Bd4 Bd7 15. Qd2 Rc8 $132 {Schlemmermeyer,W-Bastian,H/Germany
1983/GER-chT}) 11. Bf1 Nfd7 {The idea behind this move is to prevent e5,but
white wasn't threatening to play it so deserved attention} (11... Na6 12. Bg5 (
12. dxc6 bxc6 13. e5 dxe5 14. Nxe5 Nb4 15. Bc4 Bf5 $13) 12... Nb4 13. Qd2 Bd7
14. Rad1 $14) 12. Bg5 Re8 13. Qd2 Na6 14. Bh6 Bh8 15. Be3 Nb4 16. Bd4 (16. Rad1
$5) 16... Bxd4 17. Nxd4 Nf6 (17... Nb6 18. Nf3 Bd7 19. Qh6 f6 20. Qd2 $14) 18.
Rad1 Bd7 (18... cxd5 19. exd5 Nfxd5 $2 20. Nxd5 Nxd5 21. Nb5 $18) 19. g4 $5
Rad8 {Black can't take on d5:} (19... cxd5 $6 20. exd5 Nfxd5 21. Nxd5 Nxd5 22.
Nb5 Bxb5 23. Bxb5 {[%csl Rd5,Re8]} Nb4 24. Bxe8 Rxe8 25. c3 Nc6 26. f4 $16) 20.
Bg2 Bc8 21. Nce2 (21. g5 Nh5 22. f4 e5 23. dxe6 fxe6 24. Nde2 e5 $132) 21... e5
22. dxe6 fxe6 23. c3 Na6 24. Qg5 $6 {White doesn't manage to create anything
on the kingside, so this move is just a waste of time} (24. g5 Nh5 25. b4 e5
26. Nc2 Be6 27. Ne3 Rf8 $13) 24... Kg7 25. Ng3 h6 $1 (25... e5 $2 26. Ndf5+ (
26. Ngf5+ $6 Bxf5 27. Nxf5+ Kf7 28. Nh6+ Kg7 $11) 26... Kf7 (26... Bxf5 27.
exf5) 27. Nh6+ Kg7 28. Ngf5+ Bxf5 29. exf5 $16) 26. Qe3 e5 27. Nf3 Nc5 28. g5
hxg5 29. Qxg5 Ne6 $6 (29... Qf7 $1 30. Nh4 Kh7 $15) 30. Nf5+ Kf7 31. Nxd6+ $1
Rxd6 (31... Qxd6 $6 32. Rxd6 Nxg5 33. Nxg5+ Ke7 34. Rxd8 Rxd8 35. Nf3 Ke6 36.
h4 $16) 32. Nxe5+ Ke7 33. Nxg6+ {White decides to force a draw. Another
possibility was} (33. Qxg6 $5 {but it seems that black has enough defensive
resaurses to keep the balance.} Rf8 $8 (33... Rxd1 $2 34. Qf7+ Kd6 35. Rxd1+
Kxe5 36. f4+ $1 {[%csl Rc7,Rf6]} Kxf4 37. Qxf6+ Kg3 38. Qf2#) 34. f4 Bd7 (34...
Rxd1 35. Rxd1 Qb6+ 36. Kh1 Nxf4 37. Qg7+ Ke8 38. Nc4 $18 {[%cal Gc4d6]}) 35.
Rxd6 (35. Qf5 Be8 36. Rxd6 Qxd6 37. Rf1 Rg8 $15) 35... Qxd6 36. Qg3 Rg8 37. Qf2
Nxf4 $5 38. Qxf4 Bxh3 39. Re2 Bxg2 (39... Ke6 40. Ng6 $8 Rxg6 41. Qxd6+ Kxd6
42. e5+ Kc5 43. exf6 Bxg2 44. Rxg2 Rxf6 $11) 40. Rxg2 Qd1+ 41. Qf1 Rxg2+ 42.
Kxg2 Qc2+ 43. Kg1 Qxe4 $11) 33... Kf7 34. Ne5+ Ke7 35. Ng6+ Kf7 1/2-1/2

[Event "RUS-ch qual 57th"]
[Site "Tomsk"]
[Date "2004.05.25"]
[Round "3"]
[White "Frolov, Denis"]
[Black "Korotylev, Alexey"]
[Result "0-1"]
[WhiteElo "2401"]
[BlackElo "2565"]
[Annotator "Finkel,A"]
[PlyCount "52"]
[EventDate "2004.05.23"]
[EventType "swiss"]
[EventRounds "9"]
[EventCountry "RUS"]
[SourceTitle "CBM 102"]
[Source "ChessBase"]
[SourceDate "2004.09.23"]
[SourceVersion "1"]
[SourceVersionDate "2004.09.23"]
[SourceQuality "1"]

1. e4 d6 2. d4 g6 3. Nc3 Bg7 4. Be3 a6 5. a4 Nc6 6. h3 (6. d5) 6... Nf6 7. Nf3
O-O 8. Be2 e5 9. dxe5 {With this move white gives up a fight for opening
advantage.} (9. O-O exd4 10. Nxd4 Re8 (10... Bd7 11. Bc4 Re8 12. Nf3 Be6 13.
Bd5 Qd7 14. Qd2 Bxd5 15. exd5 Ne5 $11 {Polgar,J-Azmaiparashvili,Z/Yerevan 1996}
) 11. Nxc6 bxc6 12. Bf3 Rb8 13. Rb1 Rb4 14. Qd2 c5 15. Rfd1 Bd7 16. b3 Qc8 $13
{Ye Jiangchuan-Ehlvest,J/Luzern 1989}) (9. d5 Ne7 10. Nd2 c6 11. Nc4 cxd5 12.
exd5 Nf5 13. Bb6 Qe7 $13 {Mueller,M-Buhmann,R/Leimen 2001}) 9... dxe5 (9...
Nxe5 10. O-O Nc6 11. Qd2 Re8 12. Bg5 Be6 13. Rad1 Qe7 14. Rfe1 Qf8 15. Rf1 h6
16. Be3 {1/2-1/2 Rodriguez Cespedes,A-Hickl,J/Martigny 1988/EXT 97 (16)}) 10.
Bc5 {The bishop has nothing to do on c5, so 10. 0-0 seems to be more logical.}
(10. O-O Be6 11. Ng5 Nd4 12. Nxe6 Nxe6 13. Bc4 Nd4 14. Bg5 h6 15. Bxf6 {
1/2-1/2 Darga,K-Davies,N/Germany 1987/GER-chT (15)}) (10. Bg5 Be6 11. O-O h6
12. Be3 Qc8 13. Qc1 Kh7 14. Rd1 Nd7 15. h4 $2 f5 $36 {Vajda,S-Postny,E/
Budapest 2000}) 10... Re8 11. Bc4 Be6 12. Bxe6 Rxe6 13. O-O Nd7 14. Ba3 (14.
Be3 Rd6 15. Nd2 f5 16. f4 exf4 17. Bxf4 Be5 18. Qe2 Bxf4 19. Rxf4 Nd4 20. Qc4+
Kg7 $11) 14... Nd4 15. Nd5 Nf6 16. c3 (16. Nxd4 exd4 17. Qxd4 Nxe4 18. Qd3 c6
19. Nf4 Re8 $11) 16... Nxf3+ 17. Qxf3 Nxd5 18. exd5 e4 19. Qd1 Re8 20. a5 (20.
Re1 Qg5 21. Qb3 Rab8 22. Bc5 c6 23. Rad1 $13) 20... Qg5 21. Qb3 $6 {[%csl Rg1]
Neglecting the king, which is left alone to face black pieces!} (21. c4) 21...
e3 $1 $40 22. Qxb7 Be5 23. Bc5 $2 (23. Qb4 Rab8 24. f4 Qg3 25. Qc4 e2 26. fxe5
exf1=Q+ 27. Rxf1 Qxe5 $13) 23... Qf4 24. g3 Qf3 25. Bxe3 (25. Qc6 e2 26. Rfe1
Bxg3 27. fxg3 Qxg3+ 28. Kh1 Qxh3+ 29. Kg1 Qg3+ 30. Kh1 Rad8 $19 {[%cal Ge8e4,
Ge4h4]}) 25... Bxg3 $1 $19 26. Ra4 Rab8 (26... Rab8 27. Qa7 (27. Qc6 Rxe3 $1
28. fxe3 Bh2+ 29. Kxh2 Rxb2+ $19) 27... Rxb2 28. Rg4 Bd6 29. Qd4 Rxe3 30. Qxe3
Bh2+ 31. Kxh2 Qxe3 $19) 0-1

[Event "ROM-ch"]
[Site "Iasi"]
[Date "1999.12.13"]
[Round "1"]
[White "Ionescu, Constantin"]
[Black "Mateuta, Gabriel"]
[Result "1-0"]
[WhiteElo "2451"]
[BlackElo "2398"]
[Annotator "Finkel,A"]
[PlyCount "53"]
[EventDate "1999.12.13"]
[EventType "tourn"]
[EventRounds "15"]
[EventCountry "ROU"]
[EventCategory "9"]
[SourceTitle "CBM 075"]
[Source "ChessBase"]
[SourceDate "2000.04.05"]
[SourceVersion "1"]
[SourceVersionDate "2000.04.05"]
[SourceQuality "1"]

1. d4 d6 2. e4 g6 3. Nf3 Bg7 4. Be2 Nf6 5. Nc3 O-O 6. O-O a6 $5 7. a4 Nc6 8.
Be3 (8. d5 Nb8 9. a5 Bg4 10. Be3 Nbd7 11. h3 Bxf3 12. Bxf3 c5 13. Be2 Ne8 14.
Qd2 $14 {Spangenberg,H-Dolezal,C/Mar del Plata op 1997}) (8. Bf4 Bg4 9. d5 Nb8
10. a5 c6 11. h3 Bxf3 12. Bxf3 Nbd7 13. Re1 Qc7 14. Qd2 $14 {Mohr,G-Nevednichy,
V/10th Open 1999}) (8. h3 e5 9. dxe5 dxe5 10. Be3 {1/2-1/2 Stoica,V-Lupu,M/
ROM-chT 1998}) 8... Ng4 $6 {Dubious decision.Now white gets significient
advantage.} 9. Bg5 h6 10. Bh4 g5 (10... Nf6 11. h3 Kh7 12. Qd2 a5 13. Rad1 Nb4
14. Nh2 d5 15. e5 Ng8 16. g4 $16 {Vajda,L-Lupu,M/Bucharest Primavara 1998}) 11.
Bg3 e5 12. d5 Nd4 $8 {Otherwise white's advantage is even bigger.} (12... Ne7
$6 13. Nxg5 Nxf2 14. Bxf2 hxg5 15. Be3 Ng6 16. Bg4 $16) (12... Nb8 13. h3 Nf6
14. Nd2 $1 $16 {[%cal Gd2c4,Gc4e3,Ga4a5,Gb2b5]}) 13. Nxd4 exd4 14. Bxg4 (14.
Nb1 $6 Ne5 15. Nd2 c5 16. dxc6 bxc6 17. Nb3 c5 $132) 14... dxc3 15. bxc3 Bxc3
16. Ra3 Bg7 17. c4 $14 {White has very comfortable advantage and he may choose
between different plans.} a5 18. Re1 $5 (18. f4 $5 f5 19. exf5 Bxf5 20. Bxf5
Rxf5 21. Raf3 (21. Re3 $5) 21... Qd7 22. fxg5 Rxf3 23. Rxf3 hxg5 $14) 18... b6
19. Bxc8 Rxc8 20. Rae3 {Preparing e5} Qd7 ({Deserved attention} 20... Re8 $5
21. Qh5 Qf6 22. h4 (22. e5 dxe5 23. Bxe5 Qf5 24. g4 Qd7 $11) 22... Qg6 23. Qxg6
fxg6 24. hxg5 hxg5 $14 {with good chanses to hold an arising ending.}) 21. h4 (
21. e5 $6 dxe5 22. Bxe5 Bxe5 23. Rxe5 Rfe8 $11) 21... f6 $6 {Loss of time.
Better was} (21... Rce8 $1 22. f4 (22. hxg5 hxg5 23. f4 gxf4 24. Bxf4 f5 $132)
(22. Qh5 $5 Qxa4 23. hxg5 hxg5 24. Qxg5 Qxc4 25. Bf4 f5 26. exf5 Rxe3 27. Rxe3
Qxd5 28. Re7 Rf7 $11) 22... gxf4 23. Bxf4 f5 24. g3 Rxe4 25. Rxe4 fxe4 26. Rxe4
$14 {with slightly worse,but defendable ending.}) 22. f4 $1 $36 f5 $6 (22...
Rce8 $1) 23. exf5 gxh4 $1 (23... Qxf5 24. fxg5 hxg5 25. Rf3 Qg6 26. Re6 $16)
24. Bxh4 Qxf5 25. Re4 {[%cal Gg2g4,Gf4f5]} Qg6 $6 26. Re6 Bf6 $2 {[%csl Rc8]
Throwing the game in one move,but also after} (26... Qf5 27. R1e4 Be5 (27... h5
28. Bg5 $1 {[%csl Rh5]}) 28. Qf3 Bxf4 29. Bf6 $1 {[%csl Rc8][%cal Gf3f5]} Rxf6
30. Rxf6 Qxf6 31. Qg4+ Kh7 32. Rxf4 Qa1+ 33. Rf1 $18 {white is wining.}) 27.
Bxf6 (27. Bxf6 Rxf6 28. Rxf6 Qxf6 29. Qg4+ $18 {[%cal Gg4c8,Gg4g8]}) 1-0